| 000 | 00764nam a22001937a 4500 | ||
|---|---|---|---|
| 999 |
_c161089 _d161089 |
||
| 010 | _a1819CHEN B-718650-670 | ||
| 020 |
_a9788181535995 _c170.00 |
||
| 035 | _aB-718650-670 | ||
| 037 |
_adpl _bRainbow Books |
||
| 082 | _a482 | ||
| 245 |
_aRainbow picture dictionary / _ccompiled and edited by Akankasha |
||
| 260 |
_a Delhi _bRainbow Books _c2018 |
||
| 270 |
_aF-32, Street No.12, Parwana Road, Jagat Puri, _bDelhi _e110051 |
||
| 300 |
_a96p. : _c28cm(pbk) _bcol.ill. |
||
| 500 | _aAirport | ||
| 700 | _aAakanksha | ||
| 942 |
_2ddc _cCH _h482 _mRAI |
||